00780cam a22002298a 450000500170000000800390001702000180005604000600007404100080013406000090014210000170015124500750016825000110024326000440025430000700029850400640036865000260043265000340045865000150049265000160050770000270052320180312122241.0120124s2012 xxuad fr 001 0 eng a9780199730841 aCO-BoUCMbspacAngélica ChartanodAldemar Mondragón00aeng aQU 41 aMcKee, Trudy10aBiochemistry the molecular basis of lifecTrudy McKee, James R. McKee a5th ed aNew YorkbOxford University Pressc2012 axxvii, 752 páginasbilustraciones a color, cuadros y gráficas aIncluye referencias bibliográficas e índices y glosario 7aBioquímica física 7aBioquímicavLibros de texto 7aGenética 7aMetabolismo1 aMcKee, James R.d1946-